MARC details
| 000 -LEADER |
| campo de control de longitud fija |
01927nam a2200325 i 4500 |
| 001 - NÚMERO DE CONTROL |
| campo de control |
123707 |
| 003 - IDENTIFICADOR DE NÚMERO DE CONTROL |
| campo de control |
ES-MaACL |
| 005 - FECHA Y HORA DE LA ÚLTIMA TRANSACCIÓN |
| campo de control |
20251217153537.0 |
| 007 - CAMPO FIJO DE DESCRIPCIÓN FÍSICA--INFORMACIÓN GENERAL |
| campo de control de longitud fija |
t| |
| 008 - DATOS DE LONGITUD FIJA--INFORMACIÓN GENERAL |
| campo de control de longitud fija |
070214m19061915sp |||| | cat d |
| 100 0# - ENTRADA PRINCIPAL--NOMBRE DE PERSONA |
| Nombre de persona |
Ramón Llull, |
| Títulos y otros términos asociados al nombre |
Beato, |
| Fechas asociadas al nombre |
ca. 1232-1316? |
| 9 (RLIN) |
95219 |
| 245 10 - MENCIÓN DEL TÍTULO |
| Título |
Obres de Ramón Llull. |
| 260 ## - PUBLICACIÓN, DISTRIBUCIÓN, ETC. |
| Lugar de publicación, distribución, etc. |
Palma de Mallorca : |
| Nombre del editor, distribuidor, etc. |
Amengual y Muntaner, |
| Fecha de publicación, distribución, etc. |
1906 - 1915. |
| 300 ## - DESCRIPCIÓN FÍSICA |
| Extensión |
10 v. ; |
| Dimensiones |
24 x 16 cm. |
| 505 8# - NOTA DE CONTENIDO CON FORMATO |
| Nota de contenido con formato |
Contiene: I ; |
| Título |
Doctrina pueril; Libre del orde de cavalleria: seguit d'una antiga versió francesa; Libre de clerecia; Art de confessió - II-VIII ; |
| -- |
Libre de contemplació en Déu - IX ; |
| -- |
Libre de Blanquerna - X ; |
| -- |
Libre de Sancta Maria; Hores de Sancta Maria; Libre de benedicta tu in mulieribus |
| 530 ## - NOTA DISPONIBLE DE FORMULARIO FÍSICO ADICIONAL |
| Nota de formato físico adicional disponible |
Disponible en formato digital. |
| 852 ## - LOCALIZACIÓN |
| Ubicación |
ES-MaACL |
| Número de control de estantería |
F-988-997 |
| Ubicación en estantería |
Depósito 2 |
| 856 4# - LOCALIZACIÓN Y ACCESO ELECTRÓNICOS |
| Identificador Uniforme de Recursos |
<a href="https://archive.org/details/obresderamonlull01llul/page/n7 ">https://archive.org/details/obresderamonlull01llul/page/n7 </a> |
| Nota pública |
(v.1) |
| Texto de enlace |
(Internet Archive) |
| 856 4# - LOCALIZACIÓN Y ACCESO ELECTRÓNICOS |
| Identificador Uniforme de Recursos |
<a href="https://archive.org/details/obresdoctrinalis02llul/page/n7 ">https://archive.org/details/obresdoctrinalis02llul/page/n7 </a> |
| Nota pública |
(v.2) |
| Texto de enlace |
(Internet Archive) |
| 856 4# - LOCALIZACIÓN Y ACCESO ELECTRÓNICOS |
| Identificador Uniforme de Recursos |
<a href="https://archive.org/details/obresdoctrinalis03llul/page/n7 ">https://archive.org/details/obresdoctrinalis03llul/page/n7 </a> |
| Nota pública |
(v.3) |
| Texto de enlace |
(Internet Archive) |
| 856 4# - LOCALIZACIÓN Y ACCESO ELECTRÓNICOS |
| Identificador Uniforme de Recursos |
<a href="https://archive.org/details/obresdoctrinalis04llul/page/n7 ">https://archive.org/details/obresdoctrinalis04llul/page/n7 </a> |
| Nota pública |
(v.4) |
| Texto de enlace |
(Internet Archive) |
| 856 4# - LOCALIZACIÓN Y ACCESO ELECTRÓNICOS |
| Identificador Uniforme de Recursos |
<a href="https://archive.org/details/obresdoctrinalis05llul/page/n7 ">https://archive.org/details/obresdoctrinalis05llul/page/n7 </a> |
| Nota pública |
(v.5) |
| Texto de enlace |
(Internet Archive) |
| 856 4# - LOCALIZACIÓN Y ACCESO ELECTRÓNICOS |
| Identificador Uniforme de Recursos |
<a href="https://archive.org/details/obresdoctrinalis06llul/page/n7 ">https://archive.org/details/obresdoctrinalis06llul/page/n7 </a> |
| Nota pública |
(v.6) |
| Texto de enlace |
(Internet Archive) |
| 856 4# - LOCALIZACIÓN Y ACCESO ELECTRÓNICOS |
| Identificador Uniforme de Recursos |
<a href="https://archive.org/details/obresderamonlull07lluluoft/page/n7 ">https://archive.org/details/obresderamonlull07lluluoft/page/n7 </a> |
| Nota pública |
(v.7) |
| Texto de enlace |
(Internet Archive) |
| 856 4# - LOCALIZACIÓN Y ACCESO ELECTRÓNICOS |
| Identificador Uniforme de Recursos |
<a href="https://archive.org/details/obresderamonlull08lluluoft/page/n7 ">https://archive.org/details/obresderamonlull08lluluoft/page/n7 </a> |
| Nota pública |
(v.8) |
| Texto de enlace |
(Internet Archive) |
| 856 4# - LOCALIZACIÓN Y ACCESO ELECTRÓNICOS |
| Identificador Uniforme de Recursos |
<a href="https://archive.org/details/obresderamonlull09lluluoft/page/n7 ">https://archive.org/details/obresderamonlull09lluluoft/page/n7 </a> |
| Nota pública |
(v.9) |
| Texto de enlace |
(Internet Archive) |
| 856 4# - LOCALIZACIÓN Y ACCESO ELECTRÓNICOS |
| Identificador Uniforme de Recursos |
<a href="https://archive.org/details/obresderamonlull10lluluoft/page/n7 ">https://archive.org/details/obresderamonlull10lluluoft/page/n7 </a> |
| Nota pública |
(v.10) |
| Texto de enlace |
(Internet Archive) |
| 942 ## - ELEMENTOS DE ENTRADA SECUNDARIOS (KOHA) |
| Fuente del sistema de clasificación o colocación |
Clasificación decimal universal |